Ricostruisci la Carriera del Calciatore - Eldor Shomurodov - Statistics

Statistiche generali
  • Questo quiz è stato fatto 5 volte
  • Il punteggio medio è 4 su 7
Statistiche sulle risposte
Hint Risposta % Corretto
2023- Cagliari
75%
2017-2020 Rostov
75%
2015-2017 Bunyodkor
50%
2020-2021 Genoa
50%
2021-2023 Roma
50%
2023 Spezia
50%
2013-2015 Mash'al
0%
Nessun quiz corrispondente trovato
Distribuzione punteggi
Percentuale di utenti per punteggio
Percentile per numero di risposta
I tuoi punteggi nel tempo
Non hai fatto questo quiz